<?xml version="1.0" encoding="UTF-8"?>
<collection xmlns="http://www.loc.gov/MARC21/slim">
 <record>
  <leader>04580cam a2200745   4500</leader>
  <controlfield tag="001">791534227</controlfield>
  <controlfield tag="003">DE-627</controlfield>
  <controlfield tag="005">20240308173407.0</controlfield>
  <controlfield tag="007">tu</controlfield>
  <controlfield tag="008">140731s2014    dk |||||      00| ||eng c</controlfield>
  <datafield tag="020" ind1=" " ind2=" ">
   <subfield code="a">9788771243932</subfield>
   <subfield code="9">978-87-7124-393-2</subfield>
  </datafield>
  <datafield tag="020" ind1=" " ind2=" ">
   <subfield code="a">8771243933</subfield>
   <subfield code="9">87-7124-393-3</subfield>
  </datafield>
  <datafield tag="035" ind1=" " ind2=" ">
   <subfield code="a">(DE-627)791534227</subfield>
  </datafield>
  <datafield tag="035" ind1=" " ind2=" ">
   <subfield code="a">(DE-576)417034784</subfield>
  </datafield>
  <datafield tag="035" ind1=" " ind2=" ">
   <subfield code="a">(DE-599)GBV791534227</subfield>
  </datafield>
  <datafield tag="035" ind1=" " ind2=" ">
   <subfield code="a">(OCoLC)898300585</subfield>
  </datafield>
  <datafield tag="035" ind1=" " ind2=" ">
   <subfield code="a">(OCoLC)894201075</subfield>
  </datafield>
  <datafield tag="040" ind1=" " ind2=" ">
   <subfield code="a">DE-627</subfield>
   <subfield code="b">ger</subfield>
   <subfield code="c">DE-627</subfield>
   <subfield code="e">rakwb</subfield>
  </datafield>
  <datafield tag="041" ind1=" " ind2=" ">
   <subfield code="a">eng</subfield>
  </datafield>
  <datafield tag="044" ind1=" " ind2=" ">
   <subfield code="c">XA-DK</subfield>
  </datafield>
  <datafield tag="050" ind1=" " ind2="0">
   <subfield code="a">DF</subfield>
  </datafield>
  <datafield tag="082" ind1="0" ind2=" ">
   <subfield code="a">938</subfield>
   <subfield code="q">BSZ</subfield>
  </datafield>
  <datafield tag="084" ind1=" " ind2=" ">
   <subfield code="a">6,12</subfield>
   <subfield code="a">6,16</subfield>
   <subfield code="2">ssgn</subfield>
  </datafield>
  <datafield tag="084" ind1=" " ind2=" ">
   <subfield code="a">6,14</subfield>
   <subfield code="2">ssgn</subfield>
  </datafield>
  <datafield tag="084" ind1=" " ind2=" ">
   <subfield code="a">LG 4260</subfield>
   <subfield code="2">rvk</subfield>
   <subfield code="0">(DE-625)rvk/92135:</subfield>
  </datafield>
  <datafield tag="084" ind1=" " ind2=" ">
   <subfield code="a">20.61</subfield>
   <subfield code="2">bkl</subfield>
  </datafield>
  <datafield tag="084" ind1=" " ind2=" ">
   <subfield code="a">20.62</subfield>
   <subfield code="2">bkl</subfield>
  </datafield>
  <datafield tag="084" ind1=" " ind2=" ">
   <subfield code="a">21.88</subfield>
   <subfield code="2">bkl</subfield>
  </datafield>
  <datafield tag="245" ind1="1" ind2="4">
   <subfield code="a">The regional production of red-figure pottery</subfield>
   <subfield code="b">Greece, Magna Graecia and Etruria</subfield>
   <subfield code="c">ed. by Stine Schierup and Victoria Sabetai</subfield>
  </datafield>
  <datafield tag="264" ind1=" " ind2="1">
   <subfield code="a">Aarhus</subfield>
   <subfield code="b">Aarhus University Press</subfield>
   <subfield code="c">2014</subfield>
  </datafield>
  <datafield tag="300" ind1=" " ind2=" ">
   <subfield code="a">358 S.</subfield>
   <subfield code="b">Ill.</subfield>
  </datafield>
  <datafield tag="336" ind1=" " ind2=" ">
   <subfield code="a">Text</subfield>
   <subfield code="b">txt</subfield>
   <subfield code="2">rdacontent</subfield>
  </datafield>
  <datafield tag="337" ind1=" " ind2=" ">
   <subfield code="a">ohne Hilfsmittel zu benutzen</subfield>
   <subfield code="b">n</subfield>
   <subfield code="2">rdamedia</subfield>
  </datafield>
  <datafield tag="338" ind1=" " ind2=" ">
   <subfield code="a">Band</subfield>
   <subfield code="b">nc</subfield>
   <subfield code="2">rdacarrier</subfield>
  </datafield>
  <datafield tag="490" ind1="1" ind2=" ">
   <subfield code="a">Gösta Enbom monographs</subfield>
   <subfield code="v">4</subfield>
  </datafield>
  <datafield tag="520" ind1=" " ind2=" ">
   <subfield code="a">During the latter part of the fifth century BC a range of new local red-figure productions were established outside Attica: in mainland Greece as well as in the western Mediterranean. The 17 papers collected in this anthology deal with the norms and conventions of these regional production centres, the means of transmission, pottery-industry circumstances, iconographic choices, archaeological contexts, as well as issues of reception and function from a cross-regional perspective. The contributions reflect the rapid development within this field of study during the last decades and include material and syntheses on this topic published for the first time to an English-speaking audience. The papers will deal with the Euboean, Boeotian, Corinthian, Laconian, Ambracian and Macedonian production centres in mainland Greece and the Sicilian, Calabrian, Lucanian, Apulian and Etruscan workshops in the Italic peninsula.00</subfield>
  </datafield>
  <datafield tag="583" ind1="1" ind2=" ">
   <subfield code="a">Archivierung/Langzeitarchivierung gewährleistet</subfield>
   <subfield code="f">SSG</subfield>
   <subfield code="x">XA-DE-BW</subfield>
   <subfield code="2">pdager</subfield>
   <subfield code="5">DE-16</subfield>
  </datafield>
  <datafield tag="650" ind1=" " ind2="4">
   <subfield code="a">Vases, Red-figured</subfield>
   <subfield code="x">Greece</subfield>
  </datafield>
  <datafield tag="650" ind1=" " ind2="4">
   <subfield code="a">Vases, Red-figured</subfield>
   <subfield code="x">Italy</subfield>
   <subfield code="x">Magna Graecia</subfield>
  </datafield>
  <datafield tag="650" ind1=" " ind2="4">
   <subfield code="a">Vases, Red-figured</subfield>
   <subfield code="x">Etruria</subfield>
  </datafield>
  <datafield tag="655" ind1=" " ind2="7">
   <subfield code="a">Konferenzschrift</subfield>
   <subfield code="y">2009</subfield>
   <subfield code="z">Kopenhagen</subfield>
   <subfield code="0">(DE-588)1071861417</subfield>
   <subfield code="0">(DE-627)826484824</subfield>
   <subfield code="0">(DE-576)433375485</subfield>
   <subfield code="2">gnd-content</subfield>
  </datafield>
  <datafield tag="655" ind1=" " ind2="7">
   <subfield code="a">Aufsatzsammlung</subfield>
   <subfield code="0">(DE-588)4143413-4</subfield>
   <subfield code="0">(DE-627)105605727</subfield>
   <subfield code="0">(DE-576)209726091</subfield>
   <subfield code="2">gnd-content</subfield>
  </datafield>
  <datafield tag="689" ind1="0" ind2="0">
   <subfield code="d">g</subfield>
   <subfield code="0">(DE-588)4093976-5</subfield>
   <subfield code="0">(DE-627)10481408X</subfield>
   <subfield code="0">(DE-576)209303867</subfield>
   <subfield code="a">Griechenland</subfield>
   <subfield code="g">Altertum</subfield>
   <subfield code="2">gnd</subfield>
  </datafield>
  <datafield tag="689" ind1="0" ind2="1">
   <subfield code="d">g</subfield>
   <subfield code="0">(DE-588)4074449-8</subfield>
   <subfield code="0">(DE-627)106089560</subfield>
   <subfield code="0">(DE-576)209193913</subfield>
   <subfield code="a">Magna Graecia</subfield>
   <subfield code="2">gnd</subfield>
  </datafield>
  <datafield tag="689" ind1="0" ind2="2">
   <subfield code="d">g</subfield>
   <subfield code="0">(DE-588)4256476-1</subfield>
   <subfield code="0">(DE-627)104689390</subfield>
   <subfield code="0">(DE-576)210555807</subfield>
   <subfield code="a">Etrurien</subfield>
   <subfield code="2">gnd</subfield>
  </datafield>
  <datafield tag="689" ind1="0" ind2="3">
   <subfield code="d">s</subfield>
   <subfield code="0">(DE-588)4124079-0</subfield>
   <subfield code="0">(DE-627)10412296X</subfield>
   <subfield code="0">(DE-576)209565101</subfield>
   <subfield code="a">Rotfigurige Vasenmalerei</subfield>
   <subfield code="2">gnd</subfield>
  </datafield>
  <datafield tag="689" ind1="0" ind2=" ">
   <subfield code="5">(DE-627)</subfield>
  </datafield>
  <datafield tag="700" ind1="1" ind2=" ">
   <subfield code="a">Schierup, Stine</subfield>
   <subfield code="e">HerausgeberIn</subfield>
   <subfield code="0">(DE-588)1022830317</subfield>
   <subfield code="0">(DE-627)717048721</subfield>
   <subfield code="0">(DE-576)366046322</subfield>
   <subfield code="4">edt</subfield>
  </datafield>
  <datafield tag="700" ind1="1" ind2=" ">
   <subfield code="a">Sabetai, Victoria</subfield>
   <subfield code="e">HerausgeberIn</subfield>
   <subfield code="4">edt</subfield>
  </datafield>
  <datafield tag="787" ind1="0" ind2="8">
   <subfield code="i">Rezensiert in</subfield>
   <subfield code="a">Malagardis, Nassi, 1936 - </subfield>
   <subfield code="t">[Rezension von: Stine Schierup, Victoria Sabetai, The regional production of red-figure pottery, Greece, Magna Graecia and Etruria]</subfield>
   <subfield code="d">Darmstadt : Verlag Philipp von Zabern, 2016</subfield>
   <subfield code="w">(DE-627)1689857277</subfield>
  </datafield>
  <datafield tag="787" ind1="0" ind2="8">
   <subfield code="i">Rezensiert in</subfield>
   <subfield code="a">Le Bars-Tosi, Florence</subfield>
   <subfield code="t">[Rezension von: Stine Schierup (Hrsg.), The regional production of red-figure pottery: Greece, Magna Graecia and Etruria]</subfield>
   <subfield code="d">2019</subfield>
   <subfield code="w">(DE-627)1804141739</subfield>
  </datafield>
  <datafield tag="830" ind1=" " ind2="0">
   <subfield code="a">Gösta Enbom monographs</subfield>
   <subfield code="v">4</subfield>
   <subfield code="9">4</subfield>
   <subfield code="w">(DE-627)717254909</subfield>
   <subfield code="w">(DE-576)368223272</subfield>
   <subfield code="w">(DE-600)2665850-1</subfield>
   <subfield code="x">1904-6219</subfield>
   <subfield code="7">ns</subfield>
  </datafield>
  <datafield tag="856" ind1="4" ind2="2">
   <subfield code="u">https://swbplus.bsz-bw.de/bsz417034784inh.htm</subfield>
   <subfield code="m">B:DE-576;DE-16</subfield>
   <subfield code="q">application/pdf</subfield>
   <subfield code="v">20151020150000</subfield>
   <subfield code="x">Verlag</subfield>
   <subfield code="3">Inhaltsverzeichnis</subfield>
  </datafield>
  <datafield tag="935" ind1=" " ind2=" ">
   <subfield code="i">Blocktest</subfield>
  </datafield>
  <datafield tag="936" ind1="r" ind2="v">
   <subfield code="a">LG 4260</subfield>
   <subfield code="b">Rotfigurige Vasen anderer Landschaften</subfield>
   <subfield code="k">Klassische Archäologie</subfield>
   <subfield code="k">Antike Kunst und Kultur</subfield>
   <subfield code="k">Vasenmalerei und Keramik</subfield>
   <subfield code="k">Griechische Vasenmalerei</subfield>
   <subfield code="k">Rotfigurige Vasen anderer Landschaften</subfield>
   <subfield code="0">(DE-627)1271501988</subfield>
   <subfield code="0">(DE-625)rvk/92135:</subfield>
   <subfield code="0">(DE-576)201501988</subfield>
  </datafield>
  <datafield tag="936" ind1="b" ind2="k">
   <subfield code="a">20.61</subfield>
   <subfield code="j">Griechische Kunst</subfield>
   <subfield code="0">(DE-627)106421743</subfield>
  </datafield>
  <datafield tag="936" ind1="b" ind2="k">
   <subfield code="a">20.62</subfield>
   <subfield code="j">Italische Kunst</subfield>
   <subfield code="j">etruskische Kunst</subfield>
   <subfield code="j">römische Kunst</subfield>
   <subfield code="0">(DE-627)106406590</subfield>
  </datafield>
  <datafield tag="936" ind1="b" ind2="k">
   <subfield code="a">21.88</subfield>
   <subfield code="j">Keramik</subfield>
   <subfield code="x">Kunst</subfield>
   <subfield code="0">(DE-627)106405616</subfield>
  </datafield>
  <datafield tag="951" ind1=" " ind2=" ">
   <subfield code="a">BO</subfield>
  </datafield>
  <datafield tag="990" ind1=" " ind2=" ">
   <subfield code="a">Griechenland</subfield>
  </datafield>
  <datafield tag="990" ind1=" " ind2=" ">
   <subfield code="a">Magna Graecia</subfield>
  </datafield>
  <datafield tag="990" ind1=" " ind2=" ">
   <subfield code="a">Etrurien</subfield>
  </datafield>
  <datafield tag="990" ind1=" " ind2=" ">
   <subfield code="a">Rotfigurige Vasenmalerei</subfield>
  </datafield>
  <datafield tag="991" ind1=" " ind2=" ">
   <subfield code="a">Rezensiertes Werk</subfield>
  </datafield>
  <datafield tag="999" ind1=" " ind2=" ">
   <subfield code="a">KXP-PPN791534227</subfield>
   <subfield code="e">4153438243</subfield>
  </datafield>
 </record>
</collection>
